Microsoft Visual basic for applications

Thousands of learners have asked for high quality materials that focus on technologies that go beyond core applications of Microsoft Office. McGraw-Hill Technology Education has answered these requests with 4 new titles making up the +Plus Series. This books were designed to stand alone as primary t...

ver descrição completa

Na minha lista:
Detalhes bibliográficos
Autor principal: Rea, Alan I
Formato: Livro
Idioma:Undetermined
Publicado em: Boston, MA. McGraw-Hill 2005
Assuntos:
Tags: Adicionar Tag
Sem tags, seja o primeiro a adicionar uma tag!
Thư viện lưu trữ: Trung tâm Học liệu Trường Đại học Cần Thơ
LEADER 01043nam a2200205Ia 4500
001 CTU_126345
008 210402s9999 xx 000 0 und d
020 |c 24.99 
082 |a 005.268 
082 |b R281 
100 |a Rea, Alan I 
245 0 |a Microsoft Visual basic for applications 
245 0 |c Alan I Rea 
260 |a Boston, MA. 
260 |b McGraw-Hill 
260 |c 2005 
520 |a Thousands of learners have asked for high quality materials that focus on technologies that go beyond core applications of Microsoft Office. McGraw-Hill Technology Education has answered these requests with 4 new titles making up the +Plus Series. This books were designed to stand alone as primary texts or to supplement instruction in core courses. The +Plus Series books are brief, easy to use, and less expensive than primary textbooks. 
650 |a Microsoft Visual Basic for applications.,BASIC (Computer program language),Microsoft Windows (Computer file) 
904 |i Minh 
980 |a Trung tâm Học liệu Trường Đại học Cần Thơ